000 00400nam a22001697a 4500
003 SGT
020 _a9789354658686
082 _a617.
_bS23B
100 _aBHAT, SRIRAM, M
245 _aS R B ' CLINICAL METHODSIN SURGERY
250 _a4th
260 _aNEW DELHI
_bJAYPEE
_c2023
300 _a667
650 _a CLINICAL, METHODSIN, SURGERY
653 _aSURGERY, METHODSIN,
942 _2ddc
_cBK
999 _c23875
_d23875